000 02872cam a22006854i 4500
003 PE-LiUPU
005 20250731170454.0
008 150706s2006 ag a rb 000 0 spa d
020 _a9875910236
020 _a9789875910232
035 _a(Sirsi) i9789875910232
040 _aPE-LiUPU
_bspa
_cPE-LiUPU
_erda
049 _aPRUA
082 0 4 _a155.6
_bC77
_221
100 1 _aCornachione Larríaga, María A.,
_eautor.
245 1 0 _aAdultez :
_baspectos biológicos, psicológicos y sociales /
_cMaría A. Cornachione Larrínaga.
264 1 _aCórdoba :
_bEditorial Brujas,
_c2006.
300 _a293 páginas :
_bilustraciones ;
_c25 centímetros.
336 _atext
_2rdacontent
337 _aunmediated
_2rdamedia
338 _avolume
_2rdacarrier
490 0 _aPsicología del desarrollo
504 _aBibliografía: páginas 275-287.
505 0 _aLa adultez: ¿qué es? -- Desarrollo adulto: aportes de distintas teorías -- Desarrollo psicosocial -- Desarrollo adultez y personalidad -- Desarrollo cognitivo en el adultez -- Trabajo, productividad y relaciones interpersonales -- Cambios biológicos.
526 _aSEG68
526 _aSEG70
526 _aSEG69
526 _aSEG67
526 _aSEG43
526 _aP144
526 _aP143
526 _aP131
526 _aP122
526 _aP120
526 _aP117
526 _aP112
526 _aP110
526 _aP106
526 _aP101
526 _aP80
526 _aP59
526 _aP54
526 _aP35
526 _aP33
526 _aP30
541 _g044-008278;
541 _g044-0008309;
541 _g002-00001572;
650 0 4 _aAncianos
_xPsicología.
910 _agl
_bjv
_cng
_d20120726
910 _abgr
_bncf
_cncf
_d20190808
942 _2ddc
_cBOOK
949 _a155.6 C77
_wDEWEY
_c1
_i65261
_lCCODEBUL1
_mBUL
_p20.00
_r0
_sY
_tBOOK
_u2015-7-6
_xSALUD
_PP33
_o.STAFF. Colección General
949 _a155.6 C77
_wDEWEY
_c2
_i65316
_lCCODEBUL1
_mBUL
_p21.00
_r0
_sY
_tBOOK
_u2015-7-6
_xSALUD
_PP33
_o.STAFF. Colección General
994 _aC0
_bPEPRU
596 _a1
999 _a155.6 C77
_wDEWEY
_c53858
_i65261
_d53858
_e2019-6-2
_f2021-11-3
_g5
_lCCODEBUL1
_mBUL
_n12
_p20.00
_q6
_r0
_sY
_tBOOK
_u2015-7-6
_xSALUD
_zP33
_0COMPRA
_o.STAFF. Colección Ciencias de la Salud
999 _a155.6 C77
_wDEWEY
_c2
_i65316
_d2018-10-18
_e2018-9-11
_f2021-11-3
_g5
_lCCODEBUL1
_mBUL
_n23
_p21.00
_q7
_r0
_sY
_tBOOK
_u2015-7-6
_xSALUD
_zP33
_0COMPRA
_o.STAFF. Colección Ciencias de la Salud
999 _a155.6 C77
_wDEWEY
_c3
_i80127
_d2022-6-6
_e2019-8-20
_f2021-11-3
_g3
_lCCODEBUL1
_mBUL
_n1
_p23.31
_q2
_r0
_sY
_tBOOK
_u2019-8-8
_xSALUD
_zP33
_0COMPRA
_1FCOMPR3
_o.STAFF. Colección Ciencias de la Salud
980 _81
_gALBERTO SANCHEZ Responsable de Automatización